Η ελληνική γεωργία ενώπιον των νέων συνθηκών και θεσμικού πλαισίου

Αποθηκεύτηκε σε:
Λεπτομέρειες βιβλιογραφικής εγγραφής
Κύριος συγγραφέας: Καραμπάτσου-Παχάκη, Καλλιόπη
Άλλοι συγγραφείς: Τονικίδου, Παρθενόπη
Μορφή: Βιβλίο
Γλώσσα:Greek
Δημοσίευση: Αθήνα : Κέντρο Προγραμματισμού και Οικονομικών Ερευνών, 2006
Σειρά:Εκθέσεις (Κέντρο Προγραμματισμού και Οικονομικών Ερευνών) ; 46
Θέματα:
Ετικέτες: Προσθήκη ετικέτας
Δεν υπάρχουν, Καταχωρήστε ετικέτα πρώτοι!

MARC

LEADER 00000cam a2200000 i 4500
001 1/60229
008 071024s2006 gre d
020 |a 960-341-063-2 
035 |l 10091795 
040 |a GR-MY-UA  |b gre  |e aacr 
041 0 |a gre 
082 0 |a 338.18495  |2 (22) 
100 1 |a Καραμπάτσου-Παχάκη, Καλλιόπη. 
245 1 2 |a Η ελληνική γεωργία ενώπιον των νέων συνθηκών και θεσμικού πλαισίου /  |c Καλλιόπη Παχάκη, Παρθενόπη Τονικίδου 
260 |a Αθήνα :   |b Κέντρο Προγραμματισμού και Οικονομικών Ερευνών,   |c 2006 
300 |a 254 σ. ;  |b πίν.;  |c 25 εκ. +  |e 1 οπτική δισκέτα λέιζερ Η/Υ (4 3/4 ίν.) 
490 1 |a Εκθέσεις  |v ; 46 
504 |a Περιέχει βιβλιογραφία 
650 0 0 |a Agriculture  |z Greece. 
650 0 0 |a Farm produce  |z Greece. 
650 0 0 |a Agriculture and state  |z European Union countries. 
651 0 |a Greece  |x Economic policy. 
700 1 |a Τονικίδου, Παρθενόπη. 
830 0 |a Εκθέσεις (Κέντρο Προγραμματισμού και Οικονομικών Ερευνών)  |v ; 46 
852 |a INST  |b LESVOS  |e 20071024  |h 338.18495 ΠΑΧ  |p 005100037597  |q 005100037597  |t BK  |y 0 
852 |a INST  |b LESVOS  |e 20071025  |h 338.18495 ΠΑΧ   |p 005100037594  |q 005100037594  |t BK  |y 0 
901 |a BIBL1-2007-3 
909 |a Λ  |b 132285 
909 |a Λ  |b 132286 
970 |a ΧΑΤΖΗΜΙΧΑΗΛ  |b ΜΑΡΙΑ  |z 2007/10/24